00912 a2200169 45000010006000000050017000060080041000230030015000640400040000790800022001192450029001412500015001702640029001853000019002145050490002331000019007232766020260407155551.0260407a1958 arg spa dAR-UNSa-BCEJYS aAR-UNSa-BCEJYSbspacAR-UNSa-BCEJYS a657xContabilidad10aContabilidad de empresas a8a. reimp. 1aBarcelona :bLaborc1958 a320 p.c20 cm. aParte I: Aplicaciones diversas de la contabilidad : 1. Organización de una contailidad - 2. La contabilidad aplicada a la vida privada - 3. Contabilidad aplicada a las sociedades - 4. Nociones de contabilidad industrial - 5. Nociones de contabilidad bancaria - 6. Contabilidad aplicada a los negocios en comisión - Parte II: Complementos: 1. Nociones de gestión comercial e industrial - 2. Cuenta corrientes con intereses - 3. Del examen de los balances - Apendice del traductor.1 aBatardon, Leon